| 000 | 00702nam a22002177a 4500 | ||
|---|---|---|---|
| 003 | OSt | ||
| 005 | 20131108171538.0 | ||
| 008 | 130430s2001 sp ||||| |||| 00| 0 spa d | ||
| 020 | _a8437051339 (U. de València) | ||
| 020 | _a8480213477 (U. Jaume I) | ||
| 020 | _a8488042353 (U. Pompeu Fabra) | ||
| 020 | _a8449021944 (U. Autònoma) | ||
| 040 | _cCDMR | ||
| 100 | 1 |
_91468 _aRodrigo Alsina, Miquel |
|
| 245 |
_aTeorías de la comunicación _b: ámbitos, métodos y perspectivas _cMiquel Rodrigo Alsina |
||
| 260 |
_aValència [etc.] _bUniversitat de València [etc.] _cDL 2001 |
||
| 300 |
_a2306 p. _c24 cm. |
||
| 490 | 0 |
_aAldea global _v11 |
|
| 650 | 0 | 4 |
_92085 _aComunicació _xTeoria |
| 942 |
_2udc _cMON |
||
| 999 |
_c6159 _d6159 |
||